| 000 | 00637nam a22002291 4500 | ||
|---|---|---|---|
| 001 | 20623 | ||
| 003 | CZ PrNK | ||
| 005 | 20260127155749.0 | ||
| 008 | 010401s1976 xo slo | ||
| 040 |
_aABA001 _bcze _cABA001 _dABA001 |
||
| 041 | 1 |
_aslo _hrum |
|
| 080 |
_a616.896(075) _2undef |
||
| 100 | 1 |
_aBaboian, Dic _4aut |
|
| 245 | 1 | 0 |
_aVstupenka do pekla / _cDic Baboian ; z rumun. orig. ... prel. Albert Jedlička |
| 260 |
_aBratislava : _bObzor, _c1976 |
||
| 300 |
_a276 s. : _bil. ; _c8° |
||
| 490 | 1 | _aPeriskop | |
| 765 | 0 | _tPasaport pentru infern | |
| 830 | 0 | _aPeriskop (Obzor) | |
| 910 | _aABA001 | ||
| 942 |
_2ddc _cKLDO _n0 |
||
| 999 |
_c20623 _d20623 |
||